00369 2200157 4500245003200000020002200032250001100054100001900065650002000084005001900104260003100123041001400154084001100168300002300179336000900202 aHaifacAriska KhurniahText a978-602-5884-96-2 aCet. 1 aAriska Khurnia aNovel Indonesia a20230118082702 aJakartabAksara Plusc2019 aIndonesia a808.83 a303 hlm. :c20 cm. atext